000 01118cam a22003014a 4500
008
020 _a0913113859 (hbk.)
049 _aMAIN
090 _aQR201.S7
_bSTR
245 0 0 _aStreptococcus pneumoniae :
_bmolecular biology & mechanisms of disease /
_ceditor, Alexander Tomasz.
260 _aLarchmont :
_bMary Ann Liebert, Inc.,
_cc2000.
300 _axxi, 501 p. :
_bill. (some col.) ;
_c29 cm.
500 _aIncludes index.
504 _aIncludes bibliographical references.
650 0 _aStreptococcus pneumoniae
_vCongresses.
650 0 _aPneumonia
_vCongresses.
650 1 2 _aStreptococcus pneumoniae
_xgenetics
_vCongresses.
650 1 2 _aStreptococcus pneumoniae
_xpathogenicity
_vCongresses.
650 2 2 _aDrug Resistance, Microbial
_vCongresses.
650 2 2 _aPneumococcal Infections
_xdrug therapy
_vCongresses.
650 2 2 _aPneumococcal Infections
_xphysiopathology
_vCongresses.
700 1 _aTomasz, Alexander.
907 _a.b10327058
_b18-02-13
_c14-02-13
003
005 20230120204117.0
040 _cNUST
942 _cBOOKS
_kQR201.S7
_mSTR
999 _c117289
_d117289